<?xml version="1.0" encoding="UTF-8"?>
<record
    xmlns:xsi="http://www.w3.org/2001/XMLSchema-instance"
    xsi:schemaLocation="http://www.loc.gov/MARC21/slim http://www.loc.gov/standards/marcxml/schema/MARC21slim.xsd"
    xmlns="http://www.loc.gov/MARC21/slim">

  <leader>00856nam a22002057a 4500</leader>
  <controlfield tag="005">20240321110755.0</controlfield>
  <datafield tag="010" ind1=" " ind2=" ">
    <subfield code="a">B-756409-416 ENG-139838</subfield>
  </datafield>
  <datafield tag="020" ind1=" " ind2=" ">
    <subfield code="a">9789355736055</subfield>
    <subfield code="c">669.00</subfield>
  </datafield>
  <datafield tag="035" ind1=" " ind2=" ">
    <subfield code="a">B-756409-416</subfield>
  </datafield>
  <datafield tag="035" ind1=" " ind2=" ">
    <subfield code="a">EN-123370</subfield>
  </datafield>
  <datafield tag="037" ind1=" " ind2=" ">
    <subfield code="a">Parth Booksellers &amp; Distributors </subfield>
  </datafield>
  <datafield tag="082" ind1=" " ind2=" ">
    <subfield code="a">000</subfield>
  </datafield>
  <datafield tag="100" ind1=" " ind2=" ">
    <subfield code="a">Tewani,G</subfield>
    <subfield code="9">63719</subfield>
  </datafield>
  <datafield tag="245" ind1=" " ind2=" ">
    <subfield code="a">JEE(Advanced) Vectors and 3D Geometry/</subfield>
    <subfield code="c">By G.Tewani </subfield>
  </datafield>
  <datafield tag="260" ind1=" " ind2=" ">
    <subfield code="a">New Delhi </subfield>
    <subfield code="b">Cengage Learning India Pvt. Ltd.</subfield>
    <subfield code="c">2023</subfield>
  </datafield>
  <datafield tag="270" ind1=" " ind2=" ">
    <subfield code="a">T-303, 3rd Floor DAV Comlex, Plot 3 Mayur Vihar Phase 1</subfield>
    <subfield code="b">New Delhi </subfield>
    <subfield code="e">110091</subfield>
  </datafield>
  <datafield tag="300" ind1=" " ind2=" ">
    <subfield code="a">Various Pages. </subfield>
    <subfield code="c">24cm(Pbk)</subfield>
  </datafield>
  <datafield tag="942" ind1=" " ind2=" ">
    <subfield code="2">ddc</subfield>
    <subfield code="c">EN</subfield>
    <subfield code="h">000</subfield>
    <subfield code="m">TEW</subfield>
  </datafield>
  <datafield tag="999" ind1=" " ind2=" ">
    <subfield code="c">199641</subfield>
    <subfield code="d">199641</subfield>
  </datafield>
  <datafield tag="952" ind1=" " ind2=" ">
    <subfield code="0">0</subfield>
    <subfield code="1">0</subfield>
    <subfield code="4">0</subfield>
    <subfield code="7">0</subfield>
    <subfield code="8">NFIC</subfield>
    <subfield code="a">L</subfield>
    <subfield code="b">L</subfield>
    <subfield code="d">2024-01-11</subfield>
    <subfield code="e">Parth Booksellers &amp; Distributors/2/29.11.23/43/23.11.23/1.12.23</subfield>
    <subfield code="g">669.00</subfield>
    <subfield code="l">1</subfield>
    <subfield code="m">2</subfield>
    <subfield code="o">000 TEW</subfield>
    <subfield code="p">B-756409</subfield>
    <subfield code="r">2024-07-10 00:00:00</subfield>
    <subfield code="s">2024-05-27</subfield>
    <subfield code="t">1</subfield>
    <subfield code="v">669.00</subfield>
    <subfield code="w">2024-01-11</subfield>
    <subfield code="y">EN</subfield>
  </datafield>
  <datafield tag="952" ind1=" " ind2=" ">
    <subfield code="0">0</subfield>
    <subfield code="1">0</subfield>
    <subfield code="4">0</subfield>
    <subfield code="7">0</subfield>
    <subfield code="8">NFIC</subfield>
    <subfield code="a">M</subfield>
    <subfield code="b">M</subfield>
    <subfield code="d">2024-01-11</subfield>
    <subfield code="e">Parth Booksellers &amp; Distributors/2/29.11.23/43/23.11.23/1.12.23</subfield>
    <subfield code="g">669.00</subfield>
    <subfield code="l">0</subfield>
    <subfield code="o">000 TEW</subfield>
    <subfield code="p">B-756410</subfield>
    <subfield code="r">2024-01-11 00:00:00</subfield>
    <subfield code="t">1</subfield>
    <subfield code="v">669.00</subfield>
    <subfield code="w">2024-01-11</subfield>
    <subfield code="y">EN</subfield>
  </datafield>
  <datafield tag="952" ind1=" " ind2=" ">
    <subfield code="0">0</subfield>
    <subfield code="1">0</subfield>
    <subfield code="4">0</subfield>
    <subfield code="7">0</subfield>
    <subfield code="8">NFIC</subfield>
    <subfield code="a">AV</subfield>
    <subfield code="b">AV</subfield>
    <subfield code="d">2024-01-11</subfield>
    <subfield code="e">Parth Booksellers &amp; Distributors/2/29.11.23/43/23.11.23/1.12.23</subfield>
    <subfield code="g">669.00</subfield>
    <subfield code="l">0</subfield>
    <subfield code="o">000 TEW</subfield>
    <subfield code="p">B-756411</subfield>
    <subfield code="r">2024-01-11 00:00:00</subfield>
    <subfield code="t">1</subfield>
    <subfield code="v">669.00</subfield>
    <subfield code="w">2024-01-11</subfield>
    <subfield code="y">EN</subfield>
  </datafield>
  <datafield tag="952" ind1=" " ind2=" ">
    <subfield code="0">0</subfield>
    <subfield code="1">0</subfield>
    <subfield code="4">0</subfield>
    <subfield code="7">0</subfield>
    <subfield code="8">NFIC</subfield>
    <subfield code="a">TN</subfield>
    <subfield code="b">TN</subfield>
    <subfield code="d">2024-01-11</subfield>
    <subfield code="e">Parth Booksellers &amp; Distributors/2/29.11.23/43/23.11.23/1.12.23</subfield>
    <subfield code="g">669.00</subfield>
    <subfield code="l">0</subfield>
    <subfield code="o">000 TEW</subfield>
    <subfield code="p">B-756412</subfield>
    <subfield code="r">2024-01-11 00:00:00</subfield>
    <subfield code="t">1</subfield>
    <subfield code="v">669.00</subfield>
    <subfield code="w">2024-01-11</subfield>
    <subfield code="y">EN</subfield>
  </datafield>
  <datafield tag="952" ind1=" " ind2=" ">
    <subfield code="0">0</subfield>
    <subfield code="1">0</subfield>
    <subfield code="4">0</subfield>
    <subfield code="7">0</subfield>
    <subfield code="8">NFIC</subfield>
    <subfield code="a">DIZ</subfield>
    <subfield code="b">DIZ</subfield>
    <subfield code="d">2024-01-11</subfield>
    <subfield code="e">Parth Booksellers &amp; Distributors/2/29.11.23/43/23.11.23/1.12.23</subfield>
    <subfield code="g">669.00</subfield>
    <subfield code="l">0</subfield>
    <subfield code="o">000 TEW</subfield>
    <subfield code="p">B-756413</subfield>
    <subfield code="r">2024-01-11 00:00:00</subfield>
    <subfield code="t">1</subfield>
    <subfield code="v">669.00</subfield>
    <subfield code="w">2024-01-11</subfield>
    <subfield code="y">EN</subfield>
  </datafield>
  <datafield tag="952" ind1=" " ind2=" ">
    <subfield code="0">0</subfield>
    <subfield code="1">0</subfield>
    <subfield code="4">0</subfield>
    <subfield code="7">0</subfield>
    <subfield code="8">NFIC</subfield>
    <subfield code="a">ZLS</subfield>
    <subfield code="b">ZLS</subfield>
    <subfield code="d">2024-01-11</subfield>
    <subfield code="e">Parth Booksellers &amp; Distributors/2/29.11.23/43/23.11.23/1.12.23</subfield>
    <subfield code="g">669.00</subfield>
    <subfield code="l">5</subfield>
    <subfield code="m">1</subfield>
    <subfield code="o">000 TEW</subfield>
    <subfield code="p">B-756414</subfield>
    <subfield code="r">2026-06-05 11:56:10</subfield>
    <subfield code="s">2026-03-11</subfield>
    <subfield code="t">1</subfield>
    <subfield code="v">669.00</subfield>
    <subfield code="w">2024-01-11</subfield>
    <subfield code="y">EN</subfield>
  </datafield>
  <datafield tag="952" ind1=" " ind2=" ">
    <subfield code="0">0</subfield>
    <subfield code="1">0</subfield>
    <subfield code="4">0</subfield>
    <subfield code="7">0</subfield>
    <subfield code="8">NFIC</subfield>
    <subfield code="a">BN</subfield>
    <subfield code="b">BN</subfield>
    <subfield code="d">2024-01-11</subfield>
    <subfield code="e">Parth Booksellers &amp; Distributors/2/29.11.23/43/23.11.23/1.12.23</subfield>
    <subfield code="g">669.00</subfield>
    <subfield code="l">1</subfield>
    <subfield code="o">000 TEW</subfield>
    <subfield code="p">B-756415</subfield>
    <subfield code="r">2025-12-04 00:00:00</subfield>
    <subfield code="s">2025-11-24</subfield>
    <subfield code="t">1</subfield>
    <subfield code="v">669.00</subfield>
    <subfield code="w">2024-01-11</subfield>
    <subfield code="y">EN</subfield>
  </datafield>
  <datafield tag="952" ind1=" " ind2=" ">
    <subfield code="0">0</subfield>
    <subfield code="1">0</subfield>
    <subfield code="4">0</subfield>
    <subfield code="7">0</subfield>
    <subfield code="8">NFIC</subfield>
    <subfield code="a">BL4</subfield>
    <subfield code="b">BL4</subfield>
    <subfield code="d">2024-01-11</subfield>
    <subfield code="e">Parth Booksellers &amp; Distributors/2/29.11.23/43/23.11.23/1.12.23</subfield>
    <subfield code="g">669.00</subfield>
    <subfield code="l">3</subfield>
    <subfield code="m">2</subfield>
    <subfield code="o">000 TEW</subfield>
    <subfield code="p">B-756416</subfield>
    <subfield code="r">2025-02-12 00:00:00</subfield>
    <subfield code="s">2025-01-04</subfield>
    <subfield code="t">1</subfield>
    <subfield code="v">669.00</subfield>
    <subfield code="w">2024-01-11</subfield>
    <subfield code="y">EN</subfield>
  </datafield>
  <datafield tag="952" ind1=" " ind2=" ">
    <subfield code="0">0</subfield>
    <subfield code="1">0</subfield>
    <subfield code="4">0</subfield>
    <subfield code="7">0</subfield>
    <subfield code="8">NFIC</subfield>
    <subfield code="a">CJ</subfield>
    <subfield code="b">CJ</subfield>
    <subfield code="d">2024-03-21</subfield>
    <subfield code="e">DBAD</subfield>
    <subfield code="g">699.00</subfield>
    <subfield code="l">0</subfield>
    <subfield code="o">000 TEW</subfield>
    <subfield code="p">EN-123370</subfield>
    <subfield code="r">2024-03-21 00:00:00</subfield>
    <subfield code="t">1</subfield>
    <subfield code="v">699.00</subfield>
    <subfield code="w">2024-03-21</subfield>
    <subfield code="y">EN</subfield>
  </datafield>
</record>
